Introduction to optimization techniques : fundamentals and applications of nonlinear programming /

Guardado en:
Autor Principal: Aoki, Masanao.
Formato: Libro
Idioma:English
Publicado: New York : London : Macmillan ; Collier-Macmillan, c1971.
Series:Macmillan series in applied computer sciences
Etiquetas: Agregar Etiqueta
Sin Etiquetas, Sea el primero en etiquetar este registro!
LEADER 00638cam a22001695 4500
001 MAT.inmabb001999
008 710225s1971####nyua#####b####001#0#eng#d
005 20130326154923.0
245 1 0 |a Introduction to optimization techniques :  |b fundamentals and applications of nonlinear programming /  |c Masanao Aoki. 
260 |a New York :  |b Macmillan ;  |a London :  |b Collier-Macmillan,  |c c1971. 
300 |a xvi, 335 p. :  |b il. ;  |c 24 cm. 
440 0 |a Macmillan series in applied computer sciences 
504 |a Bibliografía: p. 315-320. 
100 1 |a Aoki, Masanao. 
084 |a 90C30  |2 msc2000 
010 |a  70119148  
859 |h 90  |i Ao638  |p A-3638  |b BIB. MATEMATICA